000 00845cab a2200253 4500
001 ABS51689
008 090401t1994 xxu||||| |||| 00| 0 eng d
035 _a(Sirsi) u39894
041 _aeng
110 _aTimber Trade Federation
_91433
245 _aTimber in construction
260 _c1994
300 _aLOAN
350 _a0
490 _aNew Builder
_vSupplement 25 November 1994, (24)
520 _aExamines the market share for timber frame, UK timber consumption, the environmentally friendly aspects of using timber, the benefits of glued laminated timber and the work of the Timber Trade Federation.
650 _aGLUED LAMINATED TIMBERS
650 _aGLULAM
650 _aTIMBER CONSUMPTION
650 _aTIMBER-FRAMED BUILDINGS
690 _aBUILT ENVIRONMENT-BUILDING MATERIALS
942 _n0
948 _c04/03/1997
999 _c25536
_d25536